000 00984cab a2200253 4500
001 WB3501-09
008 090401t1999 xxu||||| |||| 00| 0 eng d
035 _a(Sirsi) u90510
041 _aeng
245 _aShake up of land purchase law
260 _c1999
350 _a0
490 _aFinancial Times
_v5 January 1999, 9
490 _aDETR News Release
_v(001) 4 January 1999 (4)
520 _aThe DETR has published the interim report of a review group looking at compulsory purchase procedures. The group suggests that the underlying procedural framework is sound, but that infrequent use of compulsory purchase recently has led to a lack of expertise in local authorities.
650 _aCompulsory purchase
_96228
650 _aDETR
650 _aDEVELOPMENT LAND
650 _aPLANNING SYSTEM
650 _aREFORM
690 _aENVIRONMENTAL AND LAND CONSULTANCY-PLANNING AND DEVELOPMENT-COMPULSORY PURCHASE AND COMPENSATION
942 _n0
948 _c05/01/1999
999 _c57391
_d57391